Riconosci il Pokémon - Quiz n°52 - Statistics

Statistiche generali
  • Questo quiz è stato fatto 5 volte
  • Il punteggio medio è 7 su 10
Statistiche sulle risposte
Indizio Risposta % Corretto
Generazione Nona
100%
Tipo Spettro
80%
Peso 15,0 kg
60%
Altezza 2,0 m
60%
Sesso 50% ♂, 50% ♀
60%
Tasso di cattura 60 (14.8%)
60%
Pokémon Houndstone
60%
Tasso di allevamento Medio-Lento
60%
Stadio evoluzione Prima evoluzione
60%
Abilità Remasabbia; Morbidone
60%
Nessun quiz corrispondente trovato
Distribuzione punteggi
Percentuale di utenti per punteggio
Percentile per numero di risposta
I tuoi punteggi nel tempo
Non hai fatto questo quiz